Índice por autores y por materias de los trabajos publicados por la revista Mauritania, desde su principio a su núm. 133 (diciembre 1938). (Record no. 185897)

MARC details
000 -LEADER
campo de control de longitud fija 00912nam a2200205 i 4500
001 - NÚMERO DE CONTROL
campo de control 185897
003 - IDENTIFICADOR DE NÚMERO DE CONTROL
campo de control ES-MaACL
005 - FECHA Y HORA DE LA ÚLTIMA TRANSACCIÓN
campo de control 20250826083704.0
008 - DATOS DE LONGITUD FIJA--INFORMACIÓN GENERAL
campo de control de longitud fija 160819s1939 sp |||| | spa d
245 00 - MENCIÓN DEL TÍTULO
Título Índice por autores y por materias de los trabajos publicados por la revista Mauritania, desde su principio a su núm. 133 (diciembre 1938).
260 ## - PUBLICACIÓN, DISTRIBUCIÓN, ETC.
Lugar de publicación, distribución, etc. [S.l.] :
Nombre del editor, distribuidor, etc. [s.n.],
Fecha de publicación, distribución, etc. 1939.
300 ## - DESCRIPCIÓN FÍSICA
Extensión 16, 34 h. ;
Dimensiones 33 cm.
490 1# - MENCIÓN DE SERIE
Mención de serie Cuadernos de trabajo. Serie 1ª, Índices bibliográficos ; cuaderno ;
Designación de volumen o secuencia 1
594 ## - Nota al título y mención de responsabilidad
Nota al título y mención de responsabilidad Precede al tít.: Instituto General Franco para la Investigación Hispano-Árabe.
630 04 - PUNTO DE ACCESO ADICIONAL DE MATERIA--TÍTULO UNIFORME
Título uniforme Mauritania (Tánger)-
Subdivisión de forma Índices.
9 (RLIN) 160516
710 2# - ENTRADA AGREGADA--NOMBRE DE ENTIDAD CORPORATIVA
Nombre de entidad corporativa o nombre de jurisdicción como elemento de entrada Instituto General Franco de Estudios e Investigación Hispano-Árabe.
9 (RLIN) 149197
830 00 - PUNTO DE ACCESO ADICIONAL DE SERIE-TÍTULO UNIFORME
Título uniforme Cuadernos de trabajo.
Nombre de parte o sección de la obra Serie 1ª, índices bibliográficos
Designación de volumen o secuencia 1
9 (RLIN) 225303
852 ## - LOCALIZACIÓN
Ubicación ES-MaACL
Número de control de estantería 1724-F-18
Holdings
Estatus retirado Estado de pérdida Estado de daño No para préstamo Colección Biblioteca de origen Biblioteca actual Ubicación en estantería Fecha de adquisición Fuente de adquisición Total de préstamos Signatura topográfica completa Código de barras Visto por última vez Precio de reemplazo Tipo de ítem Koha
        Colección de folletos Biblioteca del Ateneo de Madrid Biblioteca del Ateneo de Madrid Depósito folletos 19/08/2016     1724-F-18 1195972 23/02/2023 23/02/2023 Folleto